000 00264nam a22001217a 4500
008 170703b xxu||||| |||| 00| 0 eng d
041 _aeng
080 _a82
100 _a22
101 _aGJL
245 _aMODERN ENGLIH USAGE
_cFOWLER.H/F
942 _2udc
_cBK
999 _c19845
_d19845